University Home | Library Home | Institutional Repository

Introduction to criminal law. (Record no. 8478)

MARC details
000 -LEADER
fixed length control field 00601cam0a220021700 4500
001 - CONTROL NUMBER
control field zam00003184
008 - FIXED-LENGTH DATA ELEMENTS--GENERAL INFORMATION
fixed length control field 951128s1948 xx eng u
035 ## - SYSTEM CONTROL NUMBER
System control number (Sirsi) r20518
035 ## - SYSTEM CONTROL NUMBER
System control number (MACHINE)SLC.
100 ## - MAIN ENTRY--PERSONAL NAME
Personal name Cross, R.
Linkage A81908.1
245 10 - TITLE STATEMENT
Title Introduction to criminal law.
260 ## - PUBLICATION, DISTRIBUTION, ETC.
Date of publication, distribution, etc. 1948.
591 ## -
-- Class code: L 240.
591 ## -
-- Course: Criminal law and law procedure.
591 ## -
-- School: S06.
591 ## -
-- Lecturer: Dr. SIMALUWANI, E.M.
591 ## -
-- Number of Students: 32.
949 ## - LOCAL PROCESSING INFORMATION (OCLC)
a KD91
w lcc
m MAIN
p 2500
t SHORTLOAN
l SHORTLOAN
909 ## -
-- Book
Holdings
Withdrawn status Lost status Source of classification or shelving scheme Damaged status Not for loan Home library Current library Shelving location Total Checkouts Full call number Barcode Date last seen Copy number Price effective from Koha item type
    Library of Congress Classification     Main Library Main Library Academic reserves/Short loan   KD91 66247-1001 08/12/2019 1 08/12/2019 Short Loan material
© 2026 - The University of Zambia Library - Koha v25.11